| 000 | 02040nam0a2200409 4500 | ||
|---|---|---|---|
| 001 | RU\NLR\bibl\82810 | ||
| 005 | 20260405112524.0 | ||
| 010 |
_a5-7695-0107-3 _9115000 |
||
| 020 |
_aRU _b98-26851 _9Книжная летопись |
||
| 021 |
_aRU _b98-17848 _9844 |
||
| 035 | _a(NLR Aleph) 000080872 | ||
| 090 |
_a450205 _c450205 |
||
| 100 | _a20000410d1998 |||y0rusy50 ca | ||
| 101 | 0 | _arus | |
| 102 | _aRU | ||
| 105 | _ay ||||||||| | ||
| 200 | 1 |
_aПедагогика: педагогические теории, системы, технологии _eУчеб. пособие _eДля студентов сред. пед. учеб. заведений _f[Т. И. Бабаева и др.] _gПод ред. С. А. Смирнова |
|
| 210 |
_aМ. _cИзд. центр "Академия" _d1998 |
||
| 215 |
_a509,[1] с. _d22 |
||
| 225 | 1 | _aПедагогическое образование | |
| 320 | _aБиблиогр. в конце гл. | ||
| 461 | 0 |
_12001#$aПедагогическое образование _tПедагогическое образование |
|
| 606 | 0 |
_aПедагогика _jРуководства, пособия и т.п. для средних специальных учебных заведений _9921924 _3RU\NLR\auth\6619222 |
|
| 606 | 0 |
_aПедагогика _jУчебные издания для среднего профессионального образования _9921924 _3RU\NLR\auth\6619222 |
|
| 610 | 0 | _aПедагогика | |
| 675 |
_a371.4(091)(075.32) _v3 _zrus |
||
| 686 |
_a14 _2rugasnti |
||
| 686 |
_a74.04 _2rubbk |
||
| 686 | _aЧ30я7 | ||
| 701 | 1 |
_4070 _8rus _7ca _aБабаева _bТ. И. _gТатьяна Игоревна _3RU\NLR\auth\7743356 _926299 |
|
| 702 | 1 |
_4340 _8rus _7ca _aСмирнов _bС. А. _cканд. пед. наук _gСергей Александрович _3RU\NLR\auth\7743321 _926264 |
|
| 801 | 0 |
_aRU _bRKP _c20000410 _gPSBO |
|
| 801 | 1 |
_aRU _bRKP _c20000410 |
|
| 801 | 2 |
_aRU _bNLR _c20071120 _grcr |
|
| 852 |
_aNLR _j98-3/6292 |
||
| 942 | _cBOOK | ||
| 980 | _aNB | ||